000 01237nam a22002537a 4500
005 20111121140320.0
010 _aB-444696
020 _a9780752847771
_c430.00
035 _aB-444696
037 _aBlue Berry/Ven
_bDPL
082 0 0 _aS
100 1 _aUderzo, Albert
_937632
245 1 0 _aAsterix and the secret weapon /
_cWritten and illustrated by Albert Uderzo ; translated by Anthea Bell and Derek Hockridge.
260 _aLondon :
_bOrion Books ;
_aNew York :
_c2002.
270 _aOrion House, 5 Upper Saint Martin's Lane
_bLondon
_ewc2H9EA
300 _a48 p. :
_bcol. ill. ;
_c29 cm.
500 _a"Goscinny and Uderzo present an Asterix adventure."
856 4 2 _3Contributor biographical information
_uhttp://www.loc.gov/catdir/bios/orion051/2002282562.html
856 4 2 _3Publisher description
_uhttp://www.loc.gov/catdir/description/ste021/2002282562.html
942 _2ddc
_cCH
_hS
_mUDE
999 _c58562
_d58562